000 00204nam a22000977a 4500
082 _a894.812.3
_bMUL/A
100 _aMULLAKKARA, MURALI
245 _aASHADAMEGHANGAL
650 _aMALAYALAM STORY
942 _cBK
999 _c7710
_d7710